[Event "SLO-ch qual"]
[Site "Ljubljana"]
[Date "2007.07.14"]
[Round "8"]
[White "Steiner, Darko"]
[Black "Kolar, Drago"]
[Result "1/2-1/2"]
[WhiteElo "2185"]
[BlackElo "1903"]
[PlyCount "47"]
[EventDate "2007.07.05"]
[EventType "swiss"]
[EventRounds "9"]
[EventCountry "SLO"]
[SourceTitle "EXT 2010"]
[Source "ChessBase"]
[SourceDate "2010.11.25"]
[SourceVersion "1"]
[SourceVersionDate "2010.11.25"]
[SourceQuality "1"]

1. Nf3 Nf6 2. d4 d5 3. e3 e6 4. Nbd2 Be7 5. Bd3 Nbd7 6. 0-0 c5 7. c3 b6 8. Ne5 Bb7 9. Qa4 0-0 10. Nc6 Bxc6 11. Qxc6 Rc8 12. Qa4 c4 13. Bb1 Qc7 14. Qc2 g6 15. a4 a6 16. Qd1 Bd6 17. h3 Rfe8 18. f4 Kg7 19. Qf3 b5 20. e4 dxe4 21. Nxe4 Nxe4 22. Bxe4 Rb8 23. axb5 axb5 24. Bd2 1/2-1/2

[Event "SLO-ch qual"]
[Site "Ljubljana"]
[Date "2007.07.05"]
[Round "1"]
[White "Omerzel, Nikola"]
[Black "Steiner, Darko"]
[Result "0-1"]
[WhiteElo "1773"]
[BlackElo "2185"]
[PlyCount "92"]
[EventDate "2007.07.05"]
[EventType "swiss"]
[EventRounds "9"]
[EventCountry "SLO"]
[SourceTitle "EXT 2010"]
[Source "ChessBase"]
[SourceDate "2010.11.25"]
[SourceVersion "1"]
[SourceVersionDate "2010.11.25"]
[SourceQuality "1"]

1. e4 e6 2. d4 d5 3. Nc3 dxe4 4. Nxe4 Bd7 5. Nf3 Bc6 6. Bd3 Nd7 7. c3 Bxe4 8. Bxe4 c6 9. Bf4 Ngf6 10. Qe2 Nxe4 11. Qxe4 Nf6 12. Qe2 Be7 13. h3 Qd5 14. 0-0 0-0 15. b3 Rfd8 16. Qe5 Bd6 17. Qxd5 cxd5 18. Bg5 Rac8 19. Rac1 Rd7 20. Bxf6 gxf6 21. c4 Ba3 22. Rc2 Rdc7 23. Nd2 Bb4 24. Nb1 dxc4 25. a3 Bf8 26. b4 Rd8 27. Rd1 b5 28. Nc3 a6 29. Kf1 Rcd7 30. d5 exd5 31. Rd4 f5 32. Rcd2 Bg7 33. Rxd5 Rxd5 34. Rxd5 Rxd5 35. Nxd5 Bb2 36. Ke2 Bxa3 37. Ke3 f6 38. Kd2 Kf7 39. Kc3 Ke6 40. Nc7+ Kd6 41. Ne8+ Ke5 42. g3 Bc1 43. f4+ Bxf4 44. gxf4+ Kxf4 45. Nc7 Kg3 46. Nxa6 f4 0-1

[Event "Ljubljana op 16th"]
[Site "Ljubljana"]
[Date "2005.07.13"]
[Round "7"]
[White "Steiner, Darko"]
[Black "Mamak, Wojciech"]
[Result "1/2-1/2"]
[WhiteElo "2197"]
[BlackElo "1942"]
[PlyCount "23"]
[EventDate "2005.07.09"]
[EventType "swiss"]
[EventRounds "9"]
[EventCountry "SLO"]
[SourceTitle "CBM 107 Extra"]
[Source "ChessBase"]
[SourceDate "2005.09.01"]
[SourceVersion "1"]
[SourceVersionDate "2005.09.01"]
[SourceQuality "1"]

1. e3 Nf6 2. d4 g6 3. c4 Bg7 4. Nc3 0-0 5. Be2 c5 6. d5 d6 7. h4 a6 8. h5 e6 9. hxg6 fxg6 10. Nh3 Qe7 11. dxe6 Bxe6 12. Nf4 1/2-1/2

[Event "SLO-ch"]
[Site "Bled"]
[Date "2003.08.08"]
[Round "7"]
[White "Jeraj, Zlatko"]
[Black "Steiner, Darko"]
[Result "0-1"]
[WhiteElo "2109"]
[BlackElo "2215"]
[PlyCount "54"]
[EventDate "2003.08.03"]
[EventType "swiss"]
[EventRounds "9"]
[EventCountry "SLO"]
[SourceTitle "CBM 095 Extra"]
[Source "ChessBase"]
[SourceDate "2003.09.04"]
[SourceVersion "1"]
[SourceVersionDate "2003.09.04"]
[SourceQuality "1"]

1. e4 c6 2. b3 d6 3. Bb2 Nf6 4. f3 e5 5. d4 Qc7 6. Nc3 Be7 7. Qd2 0-0 8. 0-0-0 b5 9. g4 a5 10. h4 Nbd7 11. h5 Nb6 12. dxe5 dxe5 13. g5 Nfd7 14. g6 h6 15. gxf7+ Rxf7 16. Kb1 a4 17. Rh2 axb3 18. cxb3 Nc5 19. Rg2 Rf6 20. Rg6 Rxg6 21. hxg6 Be6 22. Bh3 Qc8 23. Bxe6+ Qxe6 24. Nge2 Qxg6 25. Rg1 Bg5 26. f4 Nxe4 27. Ka1 Nxd2 0-1

[Event "SLO-chT 12th"]
[Site "Bled"]
[Date "2002.11.19"]
[Round "2"]
[White "Kos, Toni"]
[Black "Steiner, Darko"]
[Result "1-0"]
[WhiteElo "2353"]
[BlackElo "2226"]
[PlyCount "58"]
[EventDate "2002.11.18"]
[EventType "team-tourn"]
[EventRounds "9"]
[EventCountry "SLO"]
[SourceTitle "EXT 2005"]
[Source "ChessBase"]
[SourceDate "2004.11.15"]
[SourceVersion "1"]
[SourceVersionDate "2004.11.15"]
[SourceQuality "1"]
[WhiteTeam "Krsko Triglav"]
[BlackTeam "Ljubljana Vidmar"]
[WhiteTeamCountry "SLO"]
[BlackTeamCountry "SVK"]

1. e4 d5 2. exd5 Qxd5 3. Nc3 Qa5 4. d4 c6 5. Nf3 Bg4 6. h3 Bxf3 7. Qxf3 Nf6 8. Bc4 e6 9. 0-0 Nbd7 10. Bb3 Be7 11. Bd2 Qc7 12. Ne2 0-0 13. c4 Rfe8 14. Bc3 a5 15. Bc2 Bb4 16. Rad1 Bxc3 17. Nxc3 Nf8 18. Rd2 Red8 19. Rfd1 Rd7 20. Bb3 Re8 21. d5 exd5 22. cxd5 Rd6 23. Qg3 Qd8 24. Rd3 cxd5 25. Nxd5 Ne4 26. Qf3 Qg5 27. Re3 Qg6 28. Rd4 Ng5 29. Qg3 Rde6 1-0

[Event "Bled op-A 23rd"]
[Site "Bled"]
[Date "2002.07.05"]
[Round "4"]
[White "Steiner, Darko"]
[Black "Stojanovski, Dejan"]
[Result "0-1"]
[WhiteElo "2250"]
[BlackElo "2416"]
[PlyCount "72"]
[EventDate "2002.07.02"]
[EventType "swiss"]
[EventRounds "9"]
[EventCountry "SLO"]
[SourceTitle "CBM 089 Extra"]
[Source "ChessBase"]
[SourceDate "2002.09.10"]
[SourceVersion "2"]
[SourceVersionDate "2002.09.10"]
[SourceQuality "1"]

1. g3 Nf6 2. Bg2 c5 3. c4 d5 4. cxd5 Nxd5 5. Nc3 Nc7 6. Nf3 Nc6 7. 0-0 e5 8. d3 Be7 9. Be3 Bd7 10. h3 0-0 11. Qc1 Rc8 12. Qd2 f6 13. Rfc1 b6 14. Rf1 Nd4 15. Bxd4 cxd4 16. Nb1 Be6 17. Qd1 Qd7 18. Kh2 Qb5 19. Nbd2 Qxb2 20. a4 Nd5 21. Nc4 Qb4 22. Nfd2 Nc3 23. Qe1 Nxa4 24. e3 Bf5 25. Bd5+ Kh8 26. e4 Bd7 27. f4 b5 28. Rb1 Qc5 29. Nb3 Qc7 30. Ncd2 Nc3 31. Ra1 Bb4 32. Rc1 Qd6 33. Ra1 Qc7 34. Qf2 a5 35. fxe5 fxe5 36. Qg2 a4 0-1

[Event "Bled op-A 23rd"]
[Site "Bled"]
[Date "2002.07.04"]
[Round "3"]
[White "Mikac, Matjaz"]
[Black "Steiner, Darko"]
[Result "1/2-1/2"]
[WhiteElo "2410"]
[BlackElo "2250"]
[PlyCount "52"]
[EventDate "2002.07.02"]
[EventType "swiss"]
[EventRounds "9"]
[EventCountry "SLO"]
[SourceTitle "CBM 089 Extra"]
[Source "ChessBase"]
[SourceDate "2002.09.10"]
[SourceVersion "2"]
[SourceVersionDate "2002.09.10"]
[SourceQuality "1"]

1. e4 e6 2. d4 d5 3. Nd2 dxe4 4. Nxe4 Bd7 5. Nf3 Bc6 6. Bd3 Nd7 7. 0-0 Bxe4 8. Bxe4 c6 9. c4 Ngf6 10. Bd3 Be7 11. b3 0-0 12. Bb2 Re8 13. Qc2 Nf8 14. a3 a5 15. Rfe1 Qc7 16. g3 Rad8 17. Bf1 N6d7 18. Rad1 Nf6 19. Bg2 N8d7 20. Re2 Bf8 21. Rde1 Rb8 22. Rd1 Red8 23. Red2 Be7 24. Ne1 Rdc8 25. Rc1 Qd8 26. Qd1 Qf8 1/2-1/2

[Event "Ljubljana op 12th"]
[Site "Ljubljana"]
[Date "2001.06.30"]
[Round "8"]
[White "Steiner, Darko"]
[Black "Cerar, Alojz"]
[Result "1/2-1/2"]
[WhiteElo "2265"]
[BlackElo "2019"]
[PlyCount "72"]
[EventDate "2001.06.23"]
[EventType "swiss"]
[EventRounds "9"]
[EventCountry "SLO"]
[SourceTitle "EXT 2002"]
[Source "ChessBase"]
[SourceDate "2001.11.25"]
[SourceVersion "1"]
[SourceVersionDate "2001.11.25"]
[SourceQuality "1"]

1. d4 d5 2. Nf3 Nf6 3. Bf4 Bf5 4. e3 e6 5. Nbd2 Be7 6. h3 Ne4 7. Nxe4 Bxe4 8. Bd3 Bg6 9. Ne5 Nd7 10. Nxg6 hxg6 11. e4 c6 12. c3 dxe4 13. Bxe4 Nf6 14. Bf3 Qb6 15. Qb3 Nd5 16. Be5 Nf6 17. 0-0 0-0 18. Rfd1 Rac8 19. Rd2 Nd7 20. Bf4 Rfd8 21. Re1 Nf6 22. Rdd1 Nd5 23. Bg3 Bg5 24. Re4 Be7 25. Re2 Bg5 26. h4 Bf6 27. Qc2 Ne7 28. h5 Qa5 29. hxg6 Nxg6 30. b4 Qb5 31. Be4 Nh4 32. Bxh4 Bxh4 33. g3 Bf6 34. Kg2 g6 35. a4 Qc4 36. Bd3 Qd5+ 1/2-1/2

[Event "SLO-ch"]
[Site "Kranj"]
[Date "1999.10.10"]
[Round "9"]
[White "Jelen, Igor"]
[Black "Steiner, Darko"]
[Result "1/2-1/2"]
[WhiteElo "2395"]
[BlackElo "2266"]
[PlyCount "27"]
[EventDate "1999.10.02"]
[EventType "swiss"]
[EventRounds "9"]
[EventCountry "SLO"]
[SourceTitle "EXT 2000"]
[Source "ChessBase"]
[SourceDate "1999.11.16"]
[SourceVersion "1"]
[SourceVersionDate "1999.11.16"]
[SourceQuality "1"]

1. d4 e6 2. c4 f5 3. g3 d5 4. Bg2 c6 5. Nf3 Nf6 6. 0-0 Be7 7. Nc3 0-0 8. Qc2 Bd7 9. Rb1 b5 10. cxb5 cxb5 11. Ne5 b4 12. Na4 Bb5 13. Bf4 Nbd7 14. Rfc1 1/2-1/2

[Event "SLO-ch"]
[Site "Kranj"]
[Date "1999.10.08"]
[Round "7"]
[White "Sitnik, Igor"]
[Black "Steiner, Darko"]
[Result "1/2-1/2"]
[WhiteElo "2332"]
[BlackElo "2266"]
[PlyCount "132"]
[EventDate "1999.10.02"]
[EventType "swiss"]
[EventRounds "9"]
[EventCountry "SLO"]
[SourceTitle "EXT 2000"]
[Source "ChessBase"]
[SourceDate "1999.11.16"]
[SourceVersion "1"]
[SourceVersionDate "1999.11.16"]
[SourceQuality "1"]

1. d4 e6 2. c4 f5 3. Nf3 d5 4. Bf4 c6 5. e3 Nf6 6. Bd3 Be7 7. 0-0 0-0 8. Nc3 Ne4 9. Bxe4 fxe4 10. Ne5 Nd7 11. f3 Nxe5 12. Bxe5 exf3 13. Rxf3 Bd6 14. Rxf8+ Qxf8 15. Qh5 g6 16. Qg5 Be7 17. Qg3 Bd7 18. Rf1 Qh6 19. c5 Rf8 20. Rxf8+ Bxf8 21. Bf6 b5 22. b4 Be8 23. Qe5 Kf7 24. Bg5 Qg7 25. Qb8 a6 26. Ne2 h6 27. Qf4+ Kg8 28. Bf6 Qf7 29. Qe5 g5 30. Ng3 Bd7 31. h4 gxh4 32. Bxh4 Bg7 33. Qd6 Bf8 34. Qc7 Be8 35. Qc8 Qd7 36. Qb8 Bg7 37. Nh5 Kh7 38. Nf4 Bf7 39. Qd6 Qe8 40. Be7 Qc8 41. Kf2 h5 42. Bd8 e5 43. dxe5 Bxe5 44. Qxe5 Qxd8 45. g3 Qe8 46. Nd3 Qd7 47. Qf6 Be8 48. Ne5 Qg7 49. Qe6 Bg6 50. Kg2 Be4+ 51. Kh2 Qf8 52. Qf7+ Qxf7 53. Nxf7 Bg6 54. Ne5 Be8 55. g4 hxg4 56. Kg3 Kg7 57. Kxg4 Kf6 58. Kf4 Ke6 59. a3 Kf6 60. Nf3 Bh5 61. Nd4 Be8 62. Nb3 Bd7 63. Na5 Be8 64. Nb7 Bd7 65. Nd6 Ke6 66. Nf5 Kf6 1/2-1/2

[Event "SLO-ch"]
[Site "Kranj"]
[Date "1999.10.05"]
[Round "4"]
[White "Steiner, Darko"]
[Black "Soln, Primoz"]
[Result "1/2-1/2"]
[WhiteElo "2266"]
[BlackElo "2411"]
[PlyCount "90"]
[EventDate "1999.10.02"]
[EventType "swiss"]
[EventRounds "9"]
[EventCountry "SLO"]
[SourceTitle "EXT 2000"]
[Source "ChessBase"]
[SourceDate "1999.11.16"]
[SourceVersion "1"]
[SourceVersionDate "1999.11.16"]
[SourceQuality "1"]

1. d4 Nf6 2. c4 g6 3. Nc3 Bg7 4. e4 0-0 5. Be2 d6 6. Be3 Nbd7 7. h3 e5 8. d5 Nc5 9. Bf3 a5 10. Bxc5 dxc5 11. Qd2 Ne8 12. Qe3 b6 13. Be2 f5 14. Nf3 Nd6 15. Nd2 Qh4 16. Nf3 Qe7 17. Nd2 Bf6 18. Bd3 Bh4 19. 0-0 Bd7 20. Nf3 Bf6 21. Rae1 Rae8 22. Qe2 Kh8 23. Kh1 Qg7 24. Qd2 Rg8 25. Nh2 Re7 26. b3 h5 27. Rg1 Qh7 28. a4 g5 29. exf5 Bxf5 30. Bxf5 Qxf5 31. f3 Rh7 32. Rgf1 Qg6 33. Ne4 Nf5 34. Kg1 Be7 35. Qd3 Bd6 36. Rf2 Nd4 37. Rb2 Rf8 38. Re3 Qh6 39. Rb1 Rf4 40. Rf1 Rf8 41. Ree1 Nf5 42. Rf2 Nh4 43. Rfe2 Ng6 44. Qc3 Nf4 45. Re3 Rg7 1/2-1/2

[Event "SLO-ch"]
[Site "Kranj"]
[Date "1999.10.04"]
[Round "3"]
[White "Cepon, Dusan"]
[Black "Steiner, Darko"]
[Result "0-1"]
[WhiteElo "2212"]
[BlackElo "2266"]
[PlyCount "120"]
[EventDate "1999.10.02"]
[EventType "swiss"]
[EventRounds "9"]
[EventCountry "SLO"]
[SourceTitle "EXT 2000"]
[Source "ChessBase"]
[SourceDate "1999.11.16"]
[SourceVersion "1"]
[SourceVersionDate "1999.11.16"]
[SourceQuality "1"]

1. d4 e6 2. Nf3 Nf6 3. Nbd2 c5 4. e3 b6 5. Bd3 Ba6 6. Bxa6 Nxa6 7. 0-0 Be7 8. Qe2 Qc8 9. c3 0-0 10. Ne5 d6 11. Ng4 Qb7 12. Nxf6+ Bxf6 13. f4 Nc7 14. dxc5 bxc5 15. e4 Qb5 16. Qg4 Qd3 17. e5 dxe5 18. f5 exf5 19. Rxf5 Be7 20. Ne4 f6 21. Bh6 Ne8 22. Rd1 Qb5 23. Rf3 Rf7 24. Rdf1 Rd8 25. Ng5 gxh6 26. Nxf7+ Kxf7 27. Qh5+ Ke6 28. Qf5+ Kd6 29. Qxh7 Rd7 30. Qf7 Qb8 31. Rg3 Kc7 32. Rg8 Nd6 33. Qd5 Qb5 34. a4 Qc4 35. Qa8 Qxa4 36. Qb8+ Kc6 37. Rh8 Rb7 38. Qg8 Rxb2 39. Qe6 Rb7 40. h4 Rc7 41. Rxh6 Qe4 42. Qh3 a5 43. Rh8 f5 44. h5 Bg5 45. Kh1 Bf4 46. h6 Nf7 47. Rf8 Bxh6 48. Rxf7 Rxf7 49. Qxh6+ Kc7 50. Qg6 Qh4+ 51. Kg1 Qf6 52. Qg8 Rg7 53. Qa8 Qb6 54. c4 f4 55. Re1 Re7 56. Rd1 Rd7 57. Ra1 Rd8 58. Qf3 Qb2 59. Rf1 Qd4+ 60. Rf2 Qd1+ 0-1

[Event "SLO-ch"]
[Site "Kranj"]
[Date "1999.10.02"]
[Round "1"]
[White "Pavasovic, Dusko"]
[Black "Steiner, Darko"]
[Result "1-0"]
[WhiteElo "2510"]
[BlackElo "2266"]
[PlyCount "43"]
[EventDate "1999.10.02"]
[EventType "swiss"]
[EventRounds "9"]
[EventCountry "SLO"]
[SourceTitle "EXT 2000"]
[Source "ChessBase"]
[SourceDate "1999.11.16"]
[SourceVersion "1"]
[SourceVersionDate "1999.11.16"]
[SourceQuality "1"]

1. e4 e6 2. d4 d5 3. Nd2 dxe4 4. Nxe4 Bd7 5. Bd3 Bc6 6. Nf3 Nd7 7. 0-0 Ngf6 8. Neg5 Bxf3 9. Qxf3 c6 10. Re1 Be7 11. Qh3 Nf8 12. c3 Qc7 13. f4 h6 14. f5 Rg8 15. fxe6 hxg5 16. exf7+ Kxf7 17. Bc4+ Ke8 18. Bxg5 N8h7 19. Bxg8 Nxg5 20. Qh8 Kd7 21. Rxe7+ Kxe7 22. Qxg7+ 1-0

[Event "Pula op 13th"]
[Site "Pula"]
[Date "1999.05.30"]
[Round "2"]
[White "Steiner, Darko"]
[Black "Pavasovic, Dusko"]
[Result "1/2-1/2"]
[WhiteElo "2266"]
[BlackElo "2502"]
[PlyCount "43"]
[EventDate "1999.05.??"]
[EventType "swiss"]
[EventRounds "9"]
[EventCountry "CRO"]
[SourceTitle "EXT 2000"]
[Source "ChessBase"]
[SourceDate "1999.11.16"]
[SourceVersion "1"]
[SourceVersionDate "1999.11.16"]
[SourceQuality "1"]

1. d4 Nf6 2. c4 e6 3. Nf3 d5 4. Nc3 c6 5. cxd5 exd5 6. Bf4 Bd6 7. Bg3 0-0 8. e3 Bg4 9. Be2 Re8 10. 0-0 Bxg3 11. hxg3 Nbd7 12. b4 Ne4 13. Rc1 a6 14. Na4 b5 15. Nb2 Rc8 16. a4 Nb6 17. Nd2 Nxd2 18. Qxd2 Bxe2 19. Qxe2 Qe7 20. a5 Nc4 21. Nd3 g6 22. Rfe1 1/2-1/2

[Event "Bled op 20th"]
[Site "Bled"]
[Date "1999.03.27"]
[Round "8"]
[White "Steiner, Darko"]
[Black "Grosar, Kiti"]
[Result "1/2-1/2"]
[WhiteElo "2266"]
[BlackElo "2214"]
[PlyCount "73"]
[EventDate "1999.03.20"]
[EventType "swiss"]
[EventRounds "9"]
[EventCountry "SLO"]
[SourceTitle "CBM 069 Extra"]
[Source "ChessBase"]
[SourceDate "1999.05.10"]
[SourceVersion "1"]
[SourceVersionDate "1999.05.10"]
[SourceQuality "1"]

1. d4 d5 2. Nf3 Nf6 3. Bf4 Bf5 4. e3 e6 5. Bd3 Ne4 6. Nfd2 Bd6 7. Bxe4 Bxe4 8. Nxe4 dxe4 9. Qg4 0-0 10. Bxd6 Qxd6 11. Qxe4 Qb4+ 12. Nd2 Qxb2 13. 0-0 Nd7 14. Qd3 Qb6 15. a4 c5 16. c3 Qc6 17. Rfb1 Rfc8 18. Qe4 Rab8 19. g3 f5 20. Qxc6 Rxc6 21. Rb2 Nb6 22. a5 Nd5 23. Ra3 cxd4 24. cxd4 g5 25. Nf3 g4 26. Ne5 Rc1+ 27. Kg2 b6 28. axb6 axb6 29. Ra7 Rbc8 30. e4 Nc3 31. exf5 exf5 32. h3 h5 33. hxg4 hxg4 34. Rxb6 Nd5 35. Rg6+ Kh8 36. Rag7 Ne3+ 37. Kh2 1/2-1/2

[Event "Bled op 20th"]
[Site "Bled"]
[Date "1999.03.26"]
[Round "7"]
[White "Vrabic, Anita"]
[Black "Steiner, Darko"]
[Result "1/2-1/2"]
[WhiteElo "2173"]
[BlackElo "2266"]
[PlyCount "93"]
[EventDate "1999.03.20"]
[EventType "swiss"]
[EventRounds "9"]
[EventCountry "SLO"]
[SourceTitle "CBM 069 Extra"]
[Source "ChessBase"]
[SourceDate "1999.05.10"]
[SourceVersion "1"]
[SourceVersionDate "1999.05.10"]
[SourceQuality "1"]

1. e4 e6 2. d4 d5 3. Nd2 dxe4 4. Nxe4 Bd7 5. Nf3 Bc6 6. Bd3 Bxe4 7. Bxe4 c6 8. 0-0 Nf6 9. Bd3 Be7 10. c3 Nbd7 11. Re1 0-0 12. Ne5 Re8 13. h3 Nf8 14. Qf3 Ng6 15. Bg5 Nxe5 16. dxe5 Nd7 17. Bf4 Nf8 18. Qe2 Qa5 19. b4 Qc7 20. a3 Red8 21. Bc2 Rd7 22. Rad1 Rad8 23. Rxd7 Rxd7 24. Qe3 a6 25. Bg5 Bxg5 26. Qxg5 h6 27. Qe3 Qd8 28. Re2 a5 29. f4 axb4 30. axb4 Rd5 31. Kh2 Qc7 32. Be4 Rd7 33. Ra2 Qd8 34. Ra7 Qc7 35. b5 cxb5 36. Rxb7 Qc4 37. Rxd7 Nxd7 38. Bd3 Qa4 39. Kg3 Kf8 40. Qd4 Qxd4 41. cxd4 b4 42. Bc2 Nb8 43. Kf3 Nc6 44. Ke3 Ne7 45. Be4 f5 46. Bb7 g5 47. Kd3 1/2-1/2

[Event "Bled op 20th"]
[Site "Bled"]
[Date "1999.03.24"]
[Round "5"]
[White "Filipovic, Branko"]
[Black "Steiner, Darko"]
[Result "1-0"]
[WhiteElo "2434"]
[BlackElo "2266"]
[PlyCount "85"]
[EventDate "1999.03.20"]
[EventType "swiss"]
[EventRounds "9"]
[EventCountry "SLO"]
[SourceTitle "CBM 069 Extra"]
[Source "ChessBase"]
[SourceDate "1999.05.10"]
[SourceVersion "1"]
[SourceVersionDate "1999.05.10"]
[SourceQuality "1"]

1. e4 e6 2. d4 d5 3. Nd2 dxe4 4. Nxe4 Bd7 5. Nf3 Bc6 6. Bd3 Nd7 7. Ned2 Bxf3 8. Qxf3 c6 9. Nc4 Nb6 10. Ne5 Nf6 11. c3 Nbd7 12. Nc4 Nb6 13. Na5 Rb8 14. Bf4 Ra8 15. Nxb7 Qd5 16. Be2 a5 17. Nd6+ Bxd6 18. Qxd5 exd5 19. Bxd6 Kd7 20. Be5 Ne8 21. b3 f6 22. Bg3 g6 23. c4 Ng7 24. Bg4+ Kd8 25. 0-0 h5 26. Bh3 Nc8 27. cxd5 h4 28. Bf4 g5 29. Bd2 cxd5 30. f4 g4 31. Bxg4 Nd6 32. f5 Ne4 33. Be1 Kd7 34. Rc1 Ne8 35. a3 N8d6 36. Be2 h3 37. g3 Rhb8 38. Rf3 Rc8 39. Rxc8 Kxc8 40. g4 Kb7 41. Rxh3 Rc8 42. Re3 Rc1 43. Bd3 1-0

[Event "SLO-chT"]
[Site "Kranj"]
[Date "1999.??.??"]
[Round "?"]
[White "Steiner, Darko"]
[Black "Susnik, Matej"]
[Result "0-1"]
[WhiteElo "2266"]
[BlackElo "2222"]
[PlyCount "58"]
[EventDate "1999.??.??"]
[EventType "team"]
[EventRounds "7"]
[EventCountry "SLO"]
[SourceTitle "EXT 2002"]
[Source "ChessBase"]
[SourceDate "2001.11.25"]
[SourceVersion "1"]
[SourceVersionDate "2001.11.25"]
[SourceQuality "1"]

1. d4 d5 2. Nf3 c5 3. e3 e6 4. Nbd2 Nc6 5. c3 Nf6 6. Bd3 Bd6 7. 0-0 0-0 8. dxc5 Bxc5 9. e4 e5 10. b4 Bb6 11. b5 Na5 12. Ba3 Re8 13. h3 dxe4 14. Nxe4 Bf5 15. Qe2 Nh5 16. Bc2 Nf4 17. Qe1 Nc4 18. Bc1 Qc8 19. Kh2 Bxh3 20. Bxf4 Bxg2 21. Kxg2 exf4 22. Kh1 Qh3+ 23. Nh2 f3 24. Rg1 Bc7 25. Ng3 Rxe1 26. Raxe1 Kf8 27. Bf5 Qh6 28. Be4 Ne5 29. Nf5 Ng4 0-1

[Event "Ljubljana op 8th"]
[Site "Ljubljana"]
[Date "1997.??.??"]
[Round "5"]
[White "Tratar, Marko"]
[Black "Steiner, Darko"]
[Result "1-0"]
[WhiteElo "2420"]
[BlackElo "2280"]
[PlyCount "145"]
[EventDate "1997.06.??"]
[EventType "swiss"]
[EventRounds "9"]
[EventCountry "SLO"]
[SourceTitle "EXT 1998"]
[Source "ChessBase"]
[SourceDate "1997.11.17"]
[SourceVersion "1"]
[SourceVersionDate "1997.11.17"]
[SourceQuality "1"]

1. d4 e6 2. c4 f5 3. g3 Nf6 4. Bg2 Bb4+ 5. Bd2 Qe7 6. Nf3 0-0 7. Nc3 Bxc3 8. Bxc3 Ne4 9. Rc1 d6 10. 0-0 Nxc3 11. Rxc3 c6 12. Re1 d5 13. Qd2 Qd6 14. Qf4 Qb4 15. Rc2 Qe7 16. Qe3 Qd6 17. Qe5 Qd8 18. Rec1 a5 19. Ne1 Na6 20. a3 Qf6 21. Nd3 Bd7 22. Qe3 Be8 23. Ne5 Rd8 24. f4 dxc4 25. Rxc4 Nc7 26. Qd2 Nb5 27. e3 Nd6 28. R4c2 Ra8 29. a4 g5 30. Rc5 Qd8 31. Kh1 h6 32. Qc2 Qf6 33. Nc4 Nxc4 34. Qxc4 Bf7 35. Re5 Qd8 36. Rc3 Re8 37. Rb3 Re7 38. Qc5 Rd7 39. Qb6 Qxb6 40. Rxb6 Kg7 41. Rc5 Kf6 42. Bf3 Bg6 43. Rb3 Rh7 44. Rbc3 g4 45. Bg2 Ra7 46. Rc1 h5 47. h4 Rh8 48. Bf1 Rd8 49. Bc4 Be8 50. Rb1 b6 51. Re5 Rd6 52. Kg1 Rc7 53. b3 Rb7 54. b4 axb4 55. Rxb4 Ra7 56. Bb3 b5 57. Rc5 Rd8 58. Kf2 Rda8 59. axb5 cxb5 60. d5 exd5 61. Bxd5 Rd8 62. e4 fxe4 63. Rxe4 Ra6 64. Re5 b4 65. Bc4 Rb6 66. Rf5+ Kg6 67. Rxh5 Rdb8 68. Rcg5+ Kf6 69. Rh6+ Ke7 70. Re5+ Kd8 71. Rh8 Kc7 72. Rexe8 Rxe8 73. Rxe8 1-0

[Event "SLO-chT sf"]
[Site "Slovenia"]
[Date "1996.??.??"]
[Round "3"]
[White "Soln, Primoz"]
[Black "Steiner, Darko"]
[Result "1/2-1/2"]
[WhiteElo "2330"]
[BlackElo "2235"]
[PlyCount "34"]
[EventDate "1996.??.??"]
[EventType "team"]
[EventRounds "7"]
[EventCountry "SLO"]
[SourceTitle "EXT 1997"]
[Source "ChessBase"]
[SourceDate "1996.11.15"]
[SourceVersion "1"]
[SourceVersionDate "1996.11.15"]
[SourceQuality "1"]

1. d4 f5 2. g3 Nf6 3. Bg2 g6 4. Nf3 Bg7 5. 0-0 0-0 6. c3 Qe8 7. Na3 c6 8. Qb3+ Kh8 9. Nc4 d6 10. a4 Na6 11. Nfd2 Rb8 12. Qc2 Be6 13. b3 Qd7 14. Re1 Rfc8 15. Nf1 c5 16. dxc5 Nxc5 17. Ncd2 Nd5 1/2-1/2

[Event "SLO-chT sf"]
[Site "Slovenia"]
[Date "1996.??.??"]
[Round "6"]
[White "Vrcon, Damijan"]
[Black "Steiner, Darko"]
[Result "0-1"]
[WhiteElo "2085"]
[BlackElo "2235"]
[PlyCount "80"]
[EventDate "1996.??.??"]
[EventType "team"]
[EventRounds "7"]
[EventCountry "SLO"]
[SourceTitle "EXT 1997"]
[Source "ChessBase"]
[SourceDate "1996.11.15"]
[SourceVersion "1"]
[SourceVersionDate "1996.11.15"]
[SourceQuality "1"]

1. e4 e6 2. d3 d5 3. Nd2 Nf6 4. Ngf3 Be7 5. g3 dxe4 6. dxe4 b6 7. Bb5+ c6 8. Bd3 Ba6 9. Bxa6 Nxa6 10. 0-0 0-0 11. b3 Qc7 12. Bb2 Nd7 13. Qe2 Nac5 14. Rad1 Rfd8 15. Nc4 b5 16. Nce5 Bf6 17. Nxd7 Nxd7 18. Bxf6 Nxf6 19. c4 a6 20. Rxd8+ Rxd8 21. Rc1 Qb6 22. e5 Nd7 23. b4 c5 24. cxb5 axb5 25. Rd1 c4 26. Rd6 Qc7 27. Qd1 h6 28. Ne1 Kf8 29. Nc2 Ke8 30. f4 Qa7+ 31. Nd4 Rc8 32. Qc2 Nf8 33. Kg2 Ra8 34. Kh3 Qb7 35. f5 Rd8 36. a4 Rxd6 37. exd6 Qd5 38. Nxb5 Kd7 39. fxe6+ Nxe6 40. g4 Qf3+ 0-1

[Event "Ljubljana op 6th"]
[Site "Ljubljana"]
[Date "1995.??.??"]
[Round "5"]
[White "Skok, Joze"]
[Black "Steiner, Darko"]
[Result "1-0"]
[WhiteElo "2130"]
[BlackElo "2295"]
[PlyCount "58"]
[EventDate "1995.06.??"]
[EventType "swiss"]
[EventRounds "9"]
[EventCountry "SLO"]
[SourceTitle "EXT 1998"]
[Source "ChessBase"]
[SourceDate "1997.11.17"]
[SourceVersion "1"]
[SourceVersionDate "1997.11.17"]
[SourceQuality "1"]

1. e4 e6 2. d4 d5 3. Nd2 dxe4 4. Nxe4 Bd7 5. Bd3 Bc6 6. Nf3 Nd7 7. 0-0 Bxe4 8. Bxe4 c6 9. Re1 Ngf6 10. Bg5 Be7 11. Bd3 0-0 12. Qe2 Re8 13. c3 Nf8 14. Ne5 N6d7 15. Bxe7 Qxe7 16. Rad1 Red8 17. Qh5 Nxe5 18. dxe5 Rd7 19. Re3 Rad8 20. Rh3 g6 21. Qe2 Rd5 22. Kf1 Nd7 23. f4 Nc5 24. Bc2 Rxd1+ 25. Bxd1 Qd7 26. Bb3 Qd2 27. Qe3 Nxb3 28. axb3 Qxb2 29. Qe1 Qc2 1-0